| 000 | 01187nam a22004450a 4500 | ||
|---|---|---|---|
| 001 | PT28298 | ||
| 003 | AR-LpoUNG | ||
| 005 | 20210131233416.0 | ||
| 008 | 191001s1983||||ag |||||||||||||||||spa d | ||
| 020 |
_a9505561180 _c$7.25 |
||
| 040 |
_aAR-LpoUNG _bspa _cAR-LpoUNG _eaacr |
||
| 041 | _aspa | ||
| 044 | _aag | ||
| 082 | 0 | _a982.065 164pod | |
| 100 | 1 |
_aWaldmann, Peter _ecomp. |
|
| 245 | 1 | 3 |
_aEl poder militar en la Argentina : _b1976-1981 |
| 250 | _a2da. ed. | ||
| 260 |
_aBuenos Aires : _bGalerna, _c1983. |
||
| 300 |
_a219 p. : _bgráfs. |
||
| 650 | 4 | _aAMERICA LATINA | |
| 650 | 4 | _aANALISIS HISTORICO | |
| 650 | 4 | _aARGENTINA | |
| 650 | 4 | _aCOOPERACION INTERNACIONAL | |
| 650 | 4 | _aEMIGRACION | |
| 650 | 4 | _aFUERZAS ARMADAS | |
| 650 | 4 | _aGOBIERNO MILITAR | |
| 650 | 4 | _aGOLPES DE ESTADO | |
| 650 | 4 | _aHISTORIA POLITICA | |
| 650 | 4 | _aMOVIMIENTOS OBREROS | |
| 650 | 4 | _aPLANO NACIONAL | |
| 650 | 4 | _aPODER POLITICO | |
| 650 | 4 | _aPOLITICA EXTERIOR | |
| 650 | 4 | _aPOLITICA INTERNACIONAL | |
| 650 | 4 | _aPOLITICA NACIONAL | |
| 650 | 4 | _aSINDICALISMO | |
| 653 | _aPERONISMO | ||
| 700 | 1 |
_aGarzón Valdés, Ernesto _ecomp. |
|
| 905 | _a28298 | ||
| 942 | _cLSALA | ||
| 999 |
_c20515 _d20515 |
||